000 00737nam a22002177a 4500
003 UA-OsUOA
001 120108
007 ta
008 20161208b un ||||| |||| 00| 0 ukr d
100 _aШульський М.Г.
090 _a330(477)
_bШ95
942 _cSA
040 _aUA-OsUOA
_bukr
_cUA-OsUOA
_dUA-OsUOA
245 _aАграрна економічна наука в дослідженнях Івана Франка: минуле і сучасне (до 160-річчя від дня народження І. Франка)
300 _aС.73-81
955 _a0
041 _aukr
080 _a330(477)
773 0 _w120105
_tЕкономіка АПК
_dК.
_d2016
_g11
650 7 _a330 Економіка взагалі
_2UDC
999 _c406230
_d406230